LIBRARY & INFORMATION CENTRE, KCAET, TAVANUR

ONLINE PUBLIC ACCESS CATALOGUE (OPAC)

Principles of steel making / (Record no. 1903)

MARC details
000 -LEADER
fixed length control field 00360cam a2200145ua 4500
003 - CONTROL NUMBER IDENTIFIER
control field OSt
008 - FIXED-LENGTH DATA ELEMENTS--GENERAL INFORMATION
fixed length control field 250610b |||||||| |||| 00| 0 eng d
041 ## - LANGUAGE CODE
Language code of text/sound track or separate title eng
082 ## - DEWEY DECIMAL CLASSIFICATION NUMBER
Classification number 624.1821
Item number BIS/PR
100 ## - MAIN ENTRY--AUTHOR NAME
Personal name Biswas, A K .
245 ## - TITLE STATEMENT
Title Principles of steel making /
260 ## - PUBLICATION, DISTRIBUTION, ETC. (IMPRINT)
Place of publication Mumbai :
Name of publisher Asia Publishing House ,
Year of publication 1922.
300 ## - PHYSICAL DESCRIPTION
Number of Pages 412 ; .
942 ## - ADDED ENTRY ELEMENTS (KOHA)
Koha item type Books
Holdings
Withdrawn status Lost status Damaged status Home library Current library Date acquired Full call number Accession Number Koha item type
      KAUAET KAUAET 07/04/2012 624.1821 BIS/PR 10711 Books
free website counter